Educational psychology : (Record no. 27972)

000 -LEADER
fixed length control field 02165cam a2200397 i 4500
001 - CONTROL NUMBER
control field 18788666
005 - DATE AND TIME OF LATEST TRANSACTION
control field 20170213095750.0
008 - FIXED-LENGTH DATA ELEMENTS--GENERAL INFORMATION
fixed length control field 150918t20142014maua b 001 0 eng d
010 ## - LIBRARY OF CONGRESS CONTROL NUMBER
LC control number 2015473187
020 ## - INTERNATIONAL STANDARD BOOK NUMBER
International Standard Book Number 9780133091076 (pbk.)
020 ## - INTERNATIONAL STANDARD BOOK NUMBER
International Standard Book Number 0133091074 (pbk.)
020 ## - INTERNATIONAL STANDARD BOOK NUMBER
International Standard Book Number 9780133389128
020 ## - INTERNATIONAL STANDARD BOOK NUMBER
International Standard Book Number 013338912X
035 ## - SYSTEM CONTROL NUMBER
System control number (OCoLC)ocn845038156
050 00 - LIBRARY OF CONGRESS CALL NUMBER
Classification number LB1051 .W74 2014
100 1# - MAIN ENTRY--PERSONAL NAME
Personal name Hoy, Anita Woolfolk,
Dates associated with a name 1947-
Relator term author.
245 10 - TITLE STATEMENT
Title Educational psychology :
Remainder of title active learning edition /
Statement of responsibility, etc. Anita Woolfolk.
250 ## - EDITION STATEMENT
Edition statement Twelfth edition.
300 ## - PHYSICAL DESCRIPTION
Extent xxx, 647, 15, 12, 34, 22 pages :
Other physical details illustrations (chiefly color) ;
Dimensions 28 cm
500 ## - GENERAL NOTE
General note Accompanied by 1 student access code card for Pearson MyEducationLab.
504 ## - BIBLIOGRAPHY, ETC. NOTE
Bibliography, etc Includes bibliographical references and indexes.
505 0# - FORMATTED CONTENTS NOTE
Formatted contents note 1. Learning, teaching, and educational psychology -- 2. Cognitive development -- 3. The self, social, and moral development -- 4. Learner differences and learning needs -- 5. Language development, language diversity and immigrant education -- 6. Culture and diversity -- 7. Behavioral views of learning -- 8. Cognitive views of learning -- 9. Complex cognitive processes -- 10. The learning sciences and constructivism -- 11. Social cognitive views of learning and motivation -- 12. Motivation in learning and teaching -- 13. Creating learning environments -- 14. Teaching every student -- Classroom assessment, grading, and standardized testing.
650 #0 - SUBJECT ADDED ENTRY--TOPICAL TERM
Topical term or geographic name as entry element Educational psychology
Form subdivision Textbooks.
650 #7 - SUBJECT ADDED ENTRY--TOPICAL TERM
Topical term or geographic name as entry element Educational psychology.
Source of heading or term fast
650 #7 - SUBJECT ADDED ENTRY--TOPICAL TERM
Topical term or geographic name as entry element Pädagogische Psychologie.
Source of heading or term gnd
655 #7 - INDEX TERM--GENRE/FORM
Genre/form data or focus term Textbooks.
Source of term fast
942 ## - ADDED ENTRY ELEMENTS (KOHA)
Source of classification or shelving scheme
Koha item type Hard Covered Materials
Holdings
Withdrawn status Lost status Source of classification or shelving scheme Damaged status Not for loan Home library Current library Shelving location Date acquired Source of acquisition Total Checkouts Full call number Barcode Date last seen Price effective from Koha item type
          MACHAKOS UNIVERSITY LIBRARY MACHAKOS UNIVERSITY LIBRARY Technical section 13/02/2017 Donation(BFA)   LB1051 .W74 2014 35887 12/07/2018 13/02/2017 Hard Covered Materials
© Machakos University Library, Along The Highway, Machakos Wote Rd, Machakos, Kenya P.O. Box 136 - 90100 Machakos - Kenya

Tel: ( +254 ) 723 805829 OR Fax : 044-20353 OR Email: library@mksu.ac.ke